Краткие биографии, написанные К.М. Бороздиным для биографического словаря (Адодуров-Бибиков)

Доступно только в Электронных читальных залах Найти на картеНа карте
RUSMARC
00003573nmc2a2200000 x 450
001e7da95a5-0af1-4cb5-8cba-c7eedc023357
00520151224105556.0
100##$a20150130l184018##k l0rusy0189 ca
1010#$arus
102##$aRU
2001#$aКраткие биографии, написанные К.М. Бороздиным для биографического словаря (Адодуров-Бибиков)
$j[1840-е гг.]
251##$cДело
300##$aДело
801#0$aRU
$bРГИА
$c20150130
$gRCR
801#1$aRU
$bГлавНИВЦ
$c20150130
$2rusmarc
801#2$aRU
$bПБ им. Б.Н. Ельцина
$c20151224
$gRCR
$2rusmarc
850##$aРГИА
852##$aРГИА
$eФедеральное казенное учреждение "Российский государственный исторический архив" (РГИА)
$j14
937##$hРГИА
$d12145327
$aASBIBLIO_SCAN
462#0$100169648374-363e-4609-aa4b-93cc4d750e1c
$12001
$a1687-1856 гг.
$1251
$cОпись
$1852
$j1
461#0$1001b79b38e1-dfb9-420f-b29a-53e2ed7b935a
$12001
$aБороздин Константин Матвеевич (1781-1848), археолог и историк
$1251
$cФонд
$1852
$j1681
215##$a96 л.
$d36,5х26 см
371##$aДокумент не является опубликованным и широко распространяемым
330##$aАвтограф, беловик. Переплет
105##$ay###
1222#$ad
035##$ae7da95a5-0af1-4cb5-8cba-c7eedc023357
Формат отображения